000 00711nam a2200241 i 4500
001 bg
100 1 _aLewis, Chris.
245 1 0 _aRouting Cisco TCP/IP dla profesjonalisty /
_cChris Lewis ; [tł. z ang. Beata Stec].
246 _iTyt. oryg.:
_aCisco TCP/IP routing proffesional reference
260 _aWarszawa :
_bPLJ,
_ccop.1999.
300 _aXIII, 406 s. ;
_c24 cm.
500 _aTyt. oryg.: "Cisco TCP/IP routing proffesional reference".
650 9 _aSieć komputerowa
655 _aPodręczniki
020 _a8371014287
040 _cBPK
041 1 _apol
_heng
080 _a004.7
080 _a(07)
920 _a83-7101-428-7
942 _cKS
008 s pl f |000 0 pol
999 _c36766
_d36766
856 _uhttp://koha.tu.koszalin.pl/cgi-bin/koha/opac-detail.pl?biblionumber=36766
_yKatalog online BPK